[Event "TCh-CZE Extraliga 2005-6"]
[Site "Czech Rep CZE"]
[Date "2005.10.16"]
[Round "2"]
[White "Murdzia,P"]
[Black "Laznicka,V"]
[Result "1/2-1/2"]
[WhiteElo "2448"]
[BlackElo "2517"]

1.e4 c5 2.Nf3 Nc6 3.Nc3 e6 4.d4 cxd4 5.Nxd4 Qc7 6.Be3 a6 7.Qd2 Nf6 8.O-O-O Ng4
9.Bf4 Nge5 10.Kb1 Be7 11.Bg3 O-O 12.f4 Nxd4 13.fxe5 Nc6 14.Nd5 exd5 15.exd5 Qb6
16.d6 Bd8 17.Bc4 Qb4 18.Qe2 b5 19.Bd5 Bb7 20.c3 Qa5 21.Qg4 Bb6 22.Qxd7 Nd8
23.Bxb7 Ra7 24.Bh4 Rxb7 25.Qc8 Qa4 26.b4 Ra7 27.Be7 a5 28.Bxf8 axb4 29.Rd2 Kxf8
30.e6 fxe6 31.Rf1+ Kg8 32.Qb8 Rb7 33.Qc8 bxc3 34.Qxc3 Ba5 35.Rdf2 Qe4+ 36.Kc1 h6
37.Qxa5 Nc6 38.Qd2 Nb4 39.Re2 Nd3+ 40.Kb1 Qc4 41.Rf3 Nc5 42.Rf4 Nb3 43.axb3 Qxb3+
44.Kc1 Rb6 45.Qc2 Qa3+ 46.Kd1 Qxd6+ 47.Qd2 e5 48.Rf3 Qg6 49.Rd3 Kh7 50.Rxe5 b4
51.Ree3 Qh5+ 52.Qe2 Qxh2 53.Rf3 Rg6 54.Rf2 Qh1+ 55.Qe1 Qh5+ 56.Kd2 Qa5 57.Qe4 b3+
58.Ke3 Qb6+ 59.Ke2 Qa6 60.Kf1 b2 61.Rxb2 Qa1+ 62.Kf2 Qxb2+ 63.Kg1 Qc1+ 64.Kh2 Qg5
65.Rh3 Qc5 66.Rd3 Qf2 67.Rh3 Qf6 68.Rd3 Qe6 69.Qxe6 Rxe6 70.Kg3 Kg6 71.Kf3 Kf5
72.Rd5+ Re5 73.Rd6 Ra5 74.Rd3 h5 75.Rb3 Kg5 76.Kg3 g6 77.Rc3 Rd5 78.Ra3 Kf5
79.Kf3 Ke5 80.Rb3 Kf6 81.Ra3 g5 82.Kg3 Kf5 83.Kh3 Ke4 84.Ra4+ Ke3 85.Ra8 Rd3
86.Kh2 Ke4 87.Ra5 Rd5 88.Ra4+ Rd4 89.Ra5 Kf4 90.Ra8 h4 91.Rf8+ Kg4 92.Rh8 Rd2
93.Rh6 Re2 94.Rh8 Kf5 95.Rh7 Re3 96.Rh8 Kf6 97.Rg8 Rg3 98.Rh8 Rb3 99.Rg8 Kf5
100.Rh8 Rg3 101.Rh6 Ke4 102.Rh8 Kf4 103.Rf8+ Kg4  1/2-1/2

[Event "Femida"]
[Site "Kharkiv UKR"]
[Date "2005.10.16"]
[Round "1"]
[White "Averjanov,A"]
[Black "Firman,N"]
[Result "0-1"]
[WhiteElo "2395"]
[BlackElo "2466"]

1.e4 c5 2.Nf3 e6 3.d4 cxd4 4.Nxd4 Nc6 5.Nc3 a6 6.Be2 Qc7 7.O-O b5 8.Nxc6 dxc6
9.f4 Bb7 10.Be3 Be7 11.Qe1 b4 12.Na4 c5 13.Bf3 Nf6 14.e5 Nd5 15.c4 bxc3 16.Nxc3 Nxe3
17.Qxe3 O-O 18.Rac1 Rad8 19.Rfd1 c4 20.Kh1 Bxf3 21.Qxf3 Qb6 22.Qe2 Rd3 23.Rxd3 cxd3
24.Qxd3 Qxb2 25.Rb1 Qa3 26.Qc4 Rd8 27.h3 h5 28.Kh2 h4 29.Rf1 Qc5 30.Qxc5 Bxc5
31.Ne4 Be3 32.Rf3 Bc1 33.Rf1 Rc8 34.f5 Bb2 35.fxe6 Bxe5+ 36.Kg1 fxe6 37.Rd1 Kf7
38.Nd6+ Bxd6 39.Rxd6 Rc1+ 40.Kh2 a5 41.Rd4 g5 42.Ra4 Rc5 43.g3 Rc2+ 44.Kg1 hxg3
45.Rxa5 Kf6 46.a4 e5 47.Ra8 e4 48.Re8 Kf5 49.a5 Ra2 50.Rf8+ Ke5 51.a6 e3
52.Re8+ Kf4 53.Rf8+ Ke4 54.Re8+ Kd3 55.Rd8+ Kc3 56.Rc8+ Kd2 57.Rd8+ Ke2 58.Rd6 Kf3
59.Rf6+ Ke4 60.Re6+ Kf4 61.Rf6+ Ke5 62.Rf8 Rxa6 63.Kg2 e2  0-1

[Event "Chigorin Mem"]
[Site "St Petersburg RUS"]
[Date "2005.10.16"]
[Round "2"]
[White "Malysheva,P"]
[Black "Tunik,G"]
[Result "0-1"]
[WhiteElo "2295"]
[BlackElo "2457"]

1.e4 c5 2.Nf3 e6 3.d4 cxd4 4.Nxd4 Nc6 5.Nc3 Qc7 6.f4 a6 7.Be2 Nxd4 8.Qxd4 b5
9.Be3 Bb7 10.O-O Rc8 11.Rfd1 Nf6 12.e5 Nd5 13.Nxd5 Bxd5 14.a4 Qb8 15.axb5 axb5
16.Bf3 Bc5 17.Qxc5 Rxc5 18.Bxc5 Bxf3 19.gxf3 f6 20.f5 Qc8 21.b4 Kf7 22.Ra7 Rd8
23.Rd6 Kg8 24.Bb6 Qc3 25.fxe6 Rc8 26.Bf2 dxe6 27.Rdd7 Kh8 28.Rxg7 Rg8 29.Rxg8+ Kxg8
30.exf6 Qxf6 31.Ra8+ Kg7 32.Ra7+ Kg6 33.Ra6 Kf5 34.Ra5 Qg5+ 35.Bg3 Qc1+ 36.Kg2 Qxc2+
37.Bf2 Qc4 38.Bc5 Kf4 39.Ra7 Qe2+ 40.Kg1 Qd1+ 41.Kg2 Qxf3+ 42.Kg1 Qd1+ 43.Kg2 Qc2+
44.Kg1 h5 45.Rf7+ Ke4 46.Rh7 e5 47.Rd7 h4 48.Rh7 Qd1+ 49.Kf2 Qf3+ 50.Ke1 Qh1+
51.Ke2 Qxh2+ 52.Bf2 h3 53.Rh4+ Kd5 54.Rg4 Qh1  0-1

[Event "Chigorin Mem"]
[Site "St Petersburg RUS"]
[Date "2005.10.16"]
[Round "2"]
[White "Semenova,Ir"]
[Black "Kim,Alex"]
[Result "1/2-1/2"]
[WhiteElo "2216"]
[BlackElo "2437"]

1.e4 c5 2.Nf3 e6 3.d4 cxd4 4.Nxd4 Nc6 5.Nc3 Qc7 6.Be2 Nf6 7.O-O Be7 8.Kh1 O-O
9.f4 d6 10.Be3 a6 11.Qe1 Nxd4 12.Bxd4 b5 13.a3 Bb7 14.Qg3 Bc6 15.Rae1 Rae8
16.Bf3 Rc8 17.Re2 a5 18.Rfe1 Bd8 19.e5 dxe5 20.Bxe5 Qb6 21.Bxc6 Rxc6 22.Rd2 g6
23.Nxb5 Qxb5 24.Rxd8 Rxd8 25.Qh4 Rd5 26.Qxf6 Rxe5 27.Qd8+ Kg7 28.fxe5 Rxc2
29.Qf6+ Kg8 30.Qd8+ Kg7 31.Qf6+ Kf8 32.Qd8+ Kg7  1/2-1/2

[Event "Chigorin Mem"]
[Site "St Petersburg RUS"]
[Date "2005.10.16"]
[Round "2"]
[White "Ivanov,Al3"]
[Black "Klimov,S"]
[Result "0-1"]
[WhiteElo "2312"]
[BlackElo "2469"]

1.e4 c5 2.Nf3 e6 3.d4 cxd4 4.Nxd4 Nc6 5.Nc3 Qc7 6.f4 a6 7.Be2 b5 8.Nxc6 Qxc6
9.Bf3 Bb7 10.Be3 Qc7 11.O-O Rc8 12.a3 Ne7 13.Qe1 Ng6 14.Rd1 Nxf4 15.Bxf4 Qxf4
16.e5 Bxf3 17.Rxf3 Qg5 18.Kh1 Be7 19.Rg3 Qf5 20.Rxg7 Kf8 21.Qg3 Rc4  0-1

[Event "2nd Samba Cup"]
[Site "Skanderborg DEN"]
[Date "2005.10.17"]
[Round "4"]
[White "Carlsen,M"]
[Black "Zhang Pengxiang"]
[Result "1/2-1/2"]
[WhiteElo "2570"]
[BlackElo "2613"]

1.e4 c5 2.Nf3 e6 3.d4 cxd4 4.Nxd4 Nc6 5.Nc3 a6 6.Be3 Nf6 7.Bd3 Qc7 8.O-O Ne5
9.Nf3 Bd6 10.Nxe5 Bxe5 11.f4 Bxc3 12.bxc3 Qxc3 13.e5 Nd5 14.Bd2 Qd4+ 15.Kh1 b5
16.f5 exf5 17.Qf3 g6 18.c3 Qc5 19.c4 bxc4 20.Rac1 Bb7 21.Bxc4 Bc6 22.Bb3 Qb5
23.Qg3 O-O 24.Rxf5 Rfe8 25.Rcf1 Re7 26.Bg5 Rae8 27.h3 a5 28.R1f2 a4 29.Bxd5 Qxd5
30.Bf6 Re6 31.Kh2 d6 32.Qg5 dxe5 33.Qh6 Rxf6 34.Rxf6 Re7 35.h4 e4 36.h5 Re5
37.g4 e3 38.Rxf7 Qh1+ 39.Kg3 Qg1+ 40.Kh3 Qh1+ 41.Rh2 Bg2+ 42.Kg3 Qe1+ 43.Kxg2 Kxf7
44.Qxh7+ Ke6 45.Qxg6+ Ke7 46.Qg7+ Ke6 47.Qg6+ Ke7 48.Qg7+  1/2-1/2

[Event "Chigorin Mem"]
[Site "St Petersburg RUS"]
[Date "2005.10.17"]
[Round "3"]
[White "Melnikov,D"]
[Black "Kuznetsova,T"]
[Result "1-0"]
[WhiteElo "2327"]
[BlackElo "2030"]

1.e4 c5 2.Nf3 e6 3.Nc3 Nc6 4.d4 cxd4 5.Nxd4 d6 6.Be3 Nf6 7.Be2 Be7 8.Qd2 a6
9.O-O-O Qc7 10.f4 Bd7 11.g4 Nxd4 12.Bxd4 Bc6 13.Qe3 b5 14.Bf3 Rc8 15.Rd2 b4
16.Bxf6 Bxf6 17.Nd5 Qb8 18.Nxf6+ gxf6 19.h4 a5 20.Kb1 a4 21.Rhd1 Rd8 22.g5 fxg5
23.hxg5 b3 24.Qc3  1-0

[Event "SCG First League m"]
[Site "Vrnjacka Banja SCG"]
[Date "2005.10.17"]
[Round "1"]
[White "Aleksic,Nen1"]
[Black "Vukic,M"]
[Result "0-1"]
[WhiteElo "2381"]
[BlackElo "2467"]

1.e4 c5 2.Nf3 e6 3.Nc3 Nc6 4.d4 cxd4 5.Nxd4 Nf6 6.Ndb5 d6 7.Bf4 e5 8.Bg5 a6
9.Na3 b5 10.Bxf6 gxf6 11.Nd5 f5 12.g3 fxe4 13.Bg2 Be6 14.Bxe4 Rc8 15.c3 Bg7
16.Qh5 Ne7 17.Rd1 Rc5 18.Nb4 Qb6 19.Qg5 Kf8 20.Qe3 f5 21.Bg2 e4 22.O-O a5
23.Nbc2 b4 24.cxb4 axb4 25.Nd4 Bxa2 26.Nac2 Bc4 27.Rfe1 b3 28.Na3 Bf7 29.Bf1 Qb4
30.Nab5 Rd5 31.f3 Re5 32.f4 Rd5 33.Rd2 h5 34.Red1 Rh6 35.h4 Rc5 36.Nc3 Bf6
37.Kh2 Kg8 38.Bh3 Kg7 39.Nde2 d5 40.Nd4 Bxd4 41.Rxd4 Rc4 42.Ne2 Rhc6 43.R4d2 Rc2
44.Nd4 R6c4 45.Kh1 Rxd2 46.Rxd2 Kf6 47.Bf1 Rc1 48.Kg2 Qc5 49.Qxb3 Nc6 50.Nxc6 Qxc6
51.Qe3 Rc2 52.Qd4+ Kg6 53.b4 e3 54.Re2 Qc3 55.Qb6+ Kg7 56.Kh3 Rxe2 57.Bxe2 Qe1
58.Bf3 Qf1+ 59.Bg2 e2 60.Qd8 e1=Q 61.Qg5+ Bg6  0-1

[Event "Femida"]
[Site "Kharkiv UKR"]
[Date "2005.10.18"]
[Round "3"]
[White "Reutsky,S"]
[Black "Firman,N"]
[Result "1-0"]
[WhiteElo "2325"]
[BlackElo "2466"]

1.e4 c5 2.Nf3 e6 3.d4 cxd4 4.Nxd4 Nc6 5.Nc3 a6 6.g3 Nxd4 7.Qxd4 Ne7 8.Bg2 Nc6
9.Qd1 b5 10.O-O Bb7 11.Re1 d6 12.Bf4 g5 13.Be3 Ne5 14.Qh5 g4 15.Rad1 Qf6
16.h3 Qg6 17.hxg4 Nxg4 18.Qh3 Nxe3 19.Rxe3 Rc8 20.e5 Bxg2 21.Qxg2 d5 22.Nxd5 exd5
23.e6 Bc5 24.exf7+ Kf8 25.Qh3 Kg7 26.Re6 Qg5 27.Rde1 h5 28.Qg2 Rcd8 29.Qf3 h4
30.Kg2 Bd6 31.Qc3+ Kh7 32.Rxd6 h3+ 33.Kh2 Qf5 34.f8=N+ Rhxf8 35.Re7+ Rf7
36.Rxf7+ Qxf7 37.Qd3+  1-0

[Event "Independence Day Women"]
[Site "Sheki AZE"]
[Date "2005.10.18"]
[Round "4"]
[White "Makropoulou,M"]
[Black "Vasilevich,I"]
[Result "0-1"]
[WhiteElo "2287"]
[BlackElo "2389"]

1.e4 c5 2.Nf3 e6 3.d4 cxd4 4.Nxd4 Nc6 5.Nc3 a6 6.Nxc6 bxc6 7.Bd3 d5 8.O-O Nf6
9.Re1 Be7 10.e5 Nd7 11.Qg4 g6 12.Bh6 Rb8 13.Qh3 Rb4 14.g3 Bf8 15.b3 Qe7 16.Na4 Bxh6
17.Qxh6 Qf8 18.Qd2 Qe7 19.Qe2 a5 20.a3 Rb8 21.Qd2 Ra8 22.Qh6 Qf8 23.Qe3 Qe7
24.Qh6 Qf8 25.Qe3 h5 26.Nb6 Nxb6 27.Qxb6 Bd7 28.b4 h4 29.bxa5 Qh6 30.Re2 O-O
31.a6 Qh5 32.Ree1 Kg7 33.Qd4 Rh8 34.g4 Qg5 35.h3 Qe7 36.Reb1 c5 37.Qf4 c4
38.Bxc4 dxc4 39.Rb7 Rxa6 40.Rd1 Rd8 41.g5 Kg8 42.Qf6 Qxf6 43.exf6 Ra5 44.Rdxd7 Rxg5+
45.Kf1 Rxd7 46.Rxd7 Rf5 47.Rd8+ Kh7 48.Rd4 g5 49.Rxc4 Rf3 50.Kg2 Rxa3 51.f4 Rg3+
52.Kh2 Kg6 53.fxg5 Kxg5 54.Re4 Rc3 55.Rg4+ Kxf6 56.Rxh4 Rxc2+ 57.Kg3 Rc3+
58.Kg2 Kg5 59.Rh8 e5 60.Rg8+ Kf4 61.h4 e4 62.h5 Rc5 63.h6 Rh5 64.Rg7 f5 65.h7 Rh6
66.Kf2 Rh2+ 67.Kg1 Rh5 68.Kf2 Rh6 69.Kg2 Ke5 70.Kg3 Kf6 71.Ra7 Kg6 72.Kf4 Rh4+
73.Ke5 Rxh7 74.Ra8 Re7+ 75.Kf4 e3 76.Ra6+ Kh5 77.Ra1 Kg6 78.Ra6+ Kf7 79.Ra1 Kf6
80.Re1 Re4+ 81.Kf3 Kg5 82.Re2 Rf4+ 83.Kxe3 Re4+ 84.Kf3 Rxe2 85.Kxe2 Kg4 86.Kf2 Kf4
87.Ke2  0-1

[Event "Chigorin Mem"]
[Site "St Petersburg RUS"]
[Date "2005.10.18"]
[Round "4"]
[White "Novikov,St"]
[Black "Tunik,G"]
[Result "1/2-1/2"]
[WhiteElo "2533"]
[BlackElo "2457"]

1.e4 c5 2.Nf3 e6 3.d4 cxd4 4.Nxd4 Nc6 5.Nc3 Qc7 6.Be3 a6 7.Qd2 Nf6 8.O-O-O Bb4
9.f3 Ne7 10.Nde2 b5 11.g4 O-O 12.Bf4 e5 13.Bg5 Qc6 14.a3 Ba5 15.Qd6 Qxd6
16.Rxd6 Bc7 17.Rd3 Rb8 18.Bxf6 gxf6 19.Ng3 Kh8 20.Be2 d6 21.Nh5 Ng8 22.Nd5 Bd8
23.Nb4 Rb6 24.Rhd1 a5 25.Nd5 Rb8 26.Rb3 Bd7 27.Nc3 b4 28.axb4 a4 29.Ra3 Rxb4
30.Rxd6 Rb7 31.Nd5 f5 32.Ba6 Ra7 33.exf5 Bg5+ 34.Kb1 Ne7 35.Nhf6 Nxd5 36.Nxd5 Kg7
37.Rc3 Rd8 38.Rc7 Rxc7 39.Nxc7 e4 40.Nd5 exf3 41.f6+ Kh6 42.Bd3 f2 43.Ne7 Bh4
44.c4 a3 45.b4 Ra8 46.Ka2 Bxg4 47.Bf1 Be6 48.b5 Bxf6 49.Nf5+ Kg6 50.Ng3 Rc8
51.Bd3+ Kh6 52.Ne4 Be7 53.Rc6 Rd8 54.Nxf2 Bh4 55.Bf5 Bxf2 56.Bxe6 fxe6 57.Rxe6+ Kg5
58.Kxa3 h5 59.Kb4 h4 60.b6 Rd1 61.Kb5 Rb1+ 62.Ka6 Kg4 63.Rc6 Kh3 64.c5 Kxh2
65.b7 Bg3 66.Rc8 h3 67.c6 Kg2 68.c7 Ra1+  1/2-1/2

[Event "Chigorin Mem"]
[Site "St Petersburg RUS"]
[Date "2005.10.18"]
[Round "4"]
[White "Sjugirov,S"]
[Black "Dobrov,V"]
[Result "1/2-1/2"]
[WhiteElo "2376"]
[BlackElo "2515"]

1.e4 c5 2.Nf3 Nc6 3.Nc3 e6 4.d4 cxd4 5.Nxd4 d6 6.Be3 Nf6 7.f3 Be7 8.Qd2 O-O
9.O-O-O d5 10.exd5 Nxd5 11.Nxd5 Qxd5 12.Kb1 Nb4 13.Nb3 Qxd2 14.Bxd2 Nd5 15.Bd3 f6
16.Rhe1 Kf7 17.f4 Rd8 18.a3 f5 19.Na5 Bd6 20.g3 Bc7 21.Nc4 b6 22.Ne5+ Bxe5
23.fxe5 Bb7 24.Bg5 Ne7 25.Bc4 h6 26.Bxe7 Kxe7 27.Rd6 Bd5 28.Bxd5 exd5 29.Rg6 Kf7
30.Rc6 Rac8 31.e6+ Ke7 32.Rxc8 Rxc8 33.Re5 Rf8 34.Rxd5 Kxe6 35.Rd2 g5 36.Kc1 f4
37.gxf4 Rxf4 38.Kd1 Rf1+ 39.Ke2 Rb1 40.c3 Ke5 41.Kf3 h5 42.Kf2 a5 43.Kf3 g4+
44.Kg3 Ke4 45.Kf2 h4 46.Rd4+ Ke5 47.b4 Rb2+ 48.Kg1 axb4 49.axb4 Kf5 50.h3 Rb1+
51.Kg2 Rb2+ 52.Kg1 Rb1+ 53.Kg2  1/2-1/2

[Event "Chigorin Mem"]
[Site "St Petersburg RUS"]
[Date "2005.10.18"]
[Round "4"]
[White "Zontakh,A"]
[Black "Klimov,S"]
[Result "1/2-1/2"]
[WhiteElo "2543"]
[BlackElo "2469"]

1.e4 c5 2.Nf3 e6 3.d4 cxd4 4.Nxd4 Nc6 5.Nc3 Qc7 6.Be3 Nf6 7.Ndb5 Qb8 8.f4 a6
9.e5 axb5 10.exf6 b4 11.Nb5 b6 12.fxg7 Bxg7 13.c3 O-O 14.Be2 bxc3 15.bxc3 Ne7
16.O-O Nf5 17.Bd2 Bb7 18.Bd3 Qc8 19.Bxf5 Qc5+ 20.Rf2 exf5 21.Nd4 Rfe8 22.Qh5 Bxd4
23.cxd4 Qxd4 24.Rc1 Rxa2 25.Qg5+ Kf8 26.Bb4+ Qxb4 27.Qh6+ Kg8 28.Qg5+ Kf8
29.Qh6+  1/2-1/2

[Event "SCG First League m"]
[Site "Vrnjacka Banja SCG"]
[Date "2005.10.18"]
[Round "2"]
[White "Kalezic,B"]
[Black "Kontic,D"]
[Result "1-0"]
[WhiteElo "2445"]
[BlackElo "2361"]

1.e4 c5 2.Nf3 e6 3.d4 cxd4 4.Nxd4 Nc6 5.Nc3 a6 6.Be2 Qc7 7.O-O Nf6 8.Kh1 h5
9.Nxc6 bxc6 10.f4 d5 11.e5 Ng4 12.Bxg4 hxg4 13.Qxg4 c5 14.f5 d4 15.fxe6 dxc3
16.Rxf7 Rxh2+ 17.Kxh2 Qxe5+ 18.Bf4 Qxe6 19.Qxe6+ Bxe6 20.Rb7 Be7 21.Re1 Kf7
22.Bg5 Re8 23.Rf1+ Bf5 24.Bxe7  1-0

[Event "SCG First League m"]
[Site "Vrnjacka Banja SCG"]
[Date "2005.10.18"]
[Round "2"]
[White "Popovic,Du"]
[Black "Pikula,D"]
[Result "1/2-1/2"]
[WhiteElo "2480"]
[BlackElo "2499"]

1.e4 c5 2.Nf3 e6 3.d4 cxd4 4.Nxd4 Nc6 5.Nc3 Qc7 6.Be3 a6 7.Be2 Nf6 8.a3 d6
9.f4 Be7 10.g4 Nxd4 11.Qxd4 e5 12.Qd2 exf4 13.Bxf4 Be6 14.O-O-O Rd8 15.g5 Nd7
16.Bxd6 Bxd6 17.Qxd6 Qxd6 18.Rxd6 h6 19.gxh6 Rxh6 20.Nd5 Ne5 21.Rxd8+ Kxd8
22.Kd2 Kd7 23.Nf4 Rh4 24.Ke3 g5 25.Nh5 Bc4 26.Ng3 Bxe2 27.Kxe2 Ke6 28.b3 Ng4
29.h3 Nf6 30.Kd3 Ke5 31.Rf1 Rf4 32.Re1 Nd7 33.b4 b5 34.Nf5 Nb6 35.Nd4 Nc4
36.Nc6+ Kd6 37.Nd4 Ke5 38.Nc6+ Ke6 39.Nd4+ Kd6 40.Rh1 f6 41.h4 Ne5+ 42.Kc3 Rxe4
43.hxg5 fxg5 44.Rh6+ Kd5 45.Nf5 Nc4 46.a4 Ke5 47.Rxa6 Kxf5 48.axb5 g4 49.b6 Nd6
50.Ra5+ Kf6 51.Rd5 Re6 52.b5 g3 53.Kb4 g2 54.Rd1 Re4+ 55.Kc5 Nb7+ 56.Kd5 Re2
57.Rg1 Rxc2 58.Ke4 Rb2 59.Kf3 Rxb5 60.Rxg2 Rxb6 61.Rc2 Rb3+ 62.Ke4 Ke6 63.Rc6+ Nd6+
64.Kd4 Rb4+ 65.Kc3 Rh4 66.Ra6 Kd5 67.Ra5+ Kc6 68.Re5 Ne4+ 69.Kd3 Nc5+ 70.Ke3 Kd6
71.Re8 Ne6 72.Ra8 Kd5 73.Ra5+ Nc5 74.Kf3 Rb4 75.Ke3 Re4+ 76.Kf3 Rc4 77.Rb5 Ke5
78.Ra5 Rc3+ 79.Kg4 Kd4 80.Ra8 Rc1 81.Rd8+ Ke3 82.Kf5 Ne4 83.Ra8 Rc5+ 84.Ke6 Rc6+
85.Ke5 Rc5+ 86.Ke6 Rh5 87.Rb8 Nc5+ 88.Kd6 Nd3 89.Ra8 Nb2 90.Ke6 Ke4 91.Kd6 Rh6+
92.Kc5 Nd3+ 93.Kc4 Ne5+ 94.Kc3 Rc6+ 95.Kb4 Rd6 96.Rh8 Nd3+ 97.Kc4 Rc6+ 98.Kb3 Nf4
99.Rh4 Ke5 100.Kb4 Nd5+ 101.Kb5 Rc1 102.Rh5+ Kd6 103.Rh6+ Ke5 104.Rh5+ Ke4
105.Rh4+ Nf4 106.Kb4 Ke5 107.Kb5 Rc8 108.Kb4 Nd3+ 109.Kb3 Nc5+ 110.Kb4 Ne4
111.Rh1 Nc3 112.Kb3  1/2-1/2

[Event "SCG First League m"]
[Site "Vrnjacka Banja SCG"]
[Date "2005.10.18"]
[Round "2"]
[White "Tseshkovsky,V"]
[Black "Perunovic,Mil"]
[Result "1-0"]
[WhiteElo "2600"]
[BlackElo "2514"]

1.e4 c5 2.Nf3 e6 3.d4 cxd4 4.Nxd4 Nc6 5.Nc3 Qc7 6.Be3 a6 7.Qd2 Nf6 8.O-O-O Bb4
9.f3 Ne5 10.Nb3 b5 11.Qf2 Bb7 12.Bb6 Qb8 13.Bc5 Bxc5 14.Qxc5 Nc6 15.Be2 Qf4+
16.Kb1 Qe5 17.Rd6 Qxc5 18.Nxc5 O-O-O 19.Rhd1 Kc7 20.e5 Nxe5 21.Nxa6+ Bxa6
22.Rxa6 Rb8 23.Nxb5+ Kd8 24.f4 Ng6 25.g3 h5 26.a4 h4 27.Nd4 Nd5 28.Bb5 hxg3
29.hxg3 Kc7 30.Ra7+ Rb7 31.Rxb7+ Kxb7 32.Bxd7 Rh3 33.Bc6+ Kb6 34.Bxd5 exd5
35.Nf5  1-0

[Event "Femida"]
[Site "Kharkiv UKR"]
[Date "2005.10.19"]
[Round "4"]
[White "Sitnikov,A"]
[Black "Reutsky,S"]
[Result "1-0"]
[WhiteElo "2443"]
[BlackElo "2325"]

1.e4 c5 2.Nf3 e6 3.Nc3 Nc6 4.d4 cxd4 5.Nxd4 a6 6.g3 Qc7 7.Bg2 Nf6 8.O-O Be7
9.Re1 O-O 10.Nxc6 bxc6 11.e5 Nd5 12.Bd2 f6 13.Nxd5 cxd5 14.Bc3 Bb7 15.Qg4 f5
16.Qf4 Rac8 17.Rad1 Qd8 18.Qd2 f4 19.Bd4 Bg5 20.Qe2 Qe8 21.c3 Bc6 22.Qxa6 Rb8
23.Bc5 Rf5 24.g4 Rf7 25.Bf3 h5 26.gxh5 Rxb2 27.Rb1 Bb5 28.Qd6 Be7 29.Rxb2 Bxd6
30.Bxd6 Qa8 31.c4 Qa5 32.Bb4 Qa6 33.cxb5 Qxb5 34.Rb3 Rf5 35.h4 Qa6 36.Bd6 Rf8
37.Bxf8 Kxf8 38.Rb8+ Ke7 39.Rc1 Qa5 40.h6 gxh6 41.Bh5 d6 42.Rb7+ Kd8 43.exd6 d4
44.d7  1-0

[Event "SCG First League m"]
[Site "Vrnjacka Banja SCG"]
[Date "2005.10.19"]
[Round "3"]
[White "Efimenko,Z"]
[Black "Tseshkovsky,V"]
[Result "1/2-1/2"]
[WhiteElo "2637"]
[BlackElo "2600"]

1.e4 c5 2.Nf3 Nc6 3.d4 cxd4 4.Nxd4 e6 5.Nc3 a6 6.Be2 Qc7 7.O-O Nf6 8.Be3 Bb4
9.Na4 Be7 10.Nxc6 bxc6 11.Nb6 Rb8 12.Nxc8 Qxc8 13.Bd4 O-O 14.e5 Nd5 15.b3 f5
16.g3 Ba3 17.c4 Ne7  1/2-1/2

[Event "SCG First League m"]
[Site "Vrnjacka Banja SCG"]
[Date "2005.10.19"]
[Round "3"]
[White "Pikula,D"]
[Black "Ivanisevic,I"]
[Result "1/2-1/2"]
[WhiteElo "2499"]
[BlackElo "2588"]

1.e4 c5 2.Nf3 e6 3.d4 cxd4 4.Nxd4 Nc6 5.Nc3 Qc7 6.Be3 a6 7.Qd2 Nf6 8.O-O-O Bb4
9.f3 Ne5 10.Nb3 b5 11.Kb1 Rb8 12.Bf4 Be7 13.Bxe5 Qxe5 14.f4 Qc7 15.e5 b4
16.exf6 bxc3 17.fxg7 Rg8 18.Qf2 a5 19.a4 Rb4 20.Bb5 Rxg7 21.g3 f5 22.bxc3 Qxc3
23.Rd3 Qc7 24.Rhd1 Bf6 25.Kc1 Re7 26.Qc5  1/2-1/2

[Event "Independence Day Women"]
[Site "Sheki AZE"]
[Date "2005.10.20"]
[Round "6"]
[White "Umudova,N"]
[Black "Vasilevich,I"]
[Result "1-0"]
[WhiteElo "2101"]
[BlackElo "2389"]

1.e4 c5 2.Nf3 e6 3.d4 cxd4 4.Nxd4 Nc6 5.Nc3 a6 6.g3 d6 7.Bg2 Bd7 8.a4 Be7
9.Be3 Nf6 10.O-O O-O 11.Nb3 Ne5 12.a5 Nc4 13.Bc1 Qc7 14.f4 Rac8 15.Kh1 b5
16.axb6 Qxb6 17.Qd4 Qb7 18.Na5 Nxa5 19.Rxa5 Bc6 20.b3 Ng4 21.Nd1 Bd8 22.Ra2 Nf6
23.Nc3 Bb6 24.Qd3 a5 25.Be3 Bxe3 26.Qxe3 Qb4 27.Re1 Ng4 28.Qd2 f5 29.Re2 Bb7
30.Nd1 Qb6 31.h3 Nf6 32.exf5 exf5 33.Qxa5 Qd4 34.Qd2 Bxg2+ 35.Kxg2 Qc5 36.Nf2 Rfe8
37.c4 Qc6+ 38.Kh2 h5 39.Qd3 Qc5 40.Rad2 Kh8 41.Kg2 Qc6+ 42.Qf3 Qb6 43.g4 Ne4
44.g5 Qc6 45.Rd5 Nxf2 46.Qxh5+ Kg8 47.Rxf2 Re1 48.g6 Rce8 49.Qh7+ Kf8 50.Qh8+ Ke7
51.Qxg7+ Kd8 52.Qf6+ Kc7 53.Qxf5 Qb6 54.g7 R1e2 55.c5 Qxb3 56.cxd6+ Kb6 57.Qd3 Qb2
58.Qd4+  1-0

[Event "2nd Samba Cup"]
[Site "Skanderborg DEN"]
[Date "2005.10.20"]
[Round "6"]
[White "Carlsen,M"]
[Black "Ivanchuk,V"]
[Result "1/2-1/2"]
[WhiteElo "2570"]
[BlackElo "2748"]

1.e4 c5 2.Nf3 Nc6 3.d4 cxd4 4.Nxd4 e6 5.Nc3 a6 6.Be3 Nf6 7.Bd3 Qc7 8.O-O Ne5
9.Nf3 Neg4 10.Bd2 d6 11.Ne2 Be7 12.c4 O-O 13.Rc1 b6 14.Nc3 Bb7 15.Qe2 Nd7
16.b3 Rfe8 17.Rfd1 Rad8 18.Bb1 Ngf6 19.Bf4 Ne5 20.Nxe5 dxe5 21.Be3 Rxd1+
22.Rxd1 b5 23.f3 Qa5 24.Rc1 bxc4 25.Qxc4 Ba3 26.Rc2 Rd8 27.Kf2 h6 28.Ke2 Bb4
29.Na4 Nd7 30.Qc7 Qb5+ 31.Qc4 Qa5 32.Qc7 Qb5+ 33.Qc4  1/2-1/2

[Event "Chigorin Mem"]
[Site "St Petersburg RUS"]
[Date "2005.10.20"]
[Round "6"]
[White "Solovjov,S"]
[Black "Terentiev,V"]
[Result "1-0"]
[WhiteElo "2497"]
[BlackElo "2340"]

1.e4 c5 2.Nf3 e6 3.d4 cxd4 4.Nxd4 Nc6 5.Nc3 a6 6.Be3 Nf6 7.Qd2 Bb4 8.f3 d5
9.a3 Qa5 10.Nb3 Bxc3 11.Nxa5 Bxd2+ 12.Bxd2 dxe4 13.Nxc6 bxc6 14.Bb4 Bb7 15.Be2 Rc8
16.Bd6 c5 17.O-O-O exf3 18.gxf3 Nd5 19.Rhg1 Ne3 20.Rd2 Nf5 21.Be5 f6 22.Bc3 Rc7
23.Bc4 Ke7 24.Re1 e5 25.Rg2 Kf8 26.Ba5 Re7 27.Bb6 Ke8 28.c3 Bxf3 29.Rf2 e4
30.Bxa6 Kf7 31.Bc4+ Kg6 32.Bxc5 Rc7 33.b4 Kg5 34.Bd5 Rhc8 35.Bxe4  1-0

[Event "SCG First League m"]
[Site "Vrnjacka Banja SCG"]
[Date "2005.10.20"]
[Round "4"]
[White "Predojevic,B"]
[Black "Markus,R"]
[Result "1/2-1/2"]
[WhiteElo "2558"]
[BlackElo "2579"]

1.e4 c5 2.Nf3 e6 3.d4 cxd4 4.Nxd4 Nc6 5.Nc3 Qc7 6.g3 a6 7.Bg2 Nf6 8.O-O Bc5
9.Nxc6 bxc6 10.Na4 Be7 11.c4 d6 12.b3 O-O 13.Bb2 Bb7 14.Qe2 Nd7  1/2-1/2

[Event "Chigorin Mem"]
[Site "St Petersburg RUS"]
[Date "2005.10.21"]
[Round "7"]
[White "Melnikov,D"]
[Black "Vitiugov,N"]
[Result "0-1"]
[WhiteElo "2327"]
[BlackElo "2538"]

1.e4 c5 2.Nf3 e6 3.d4 cxd4 4.Nxd4 Nc6 5.Nc3 Qc7 6.g3 a6 7.Bg2 Nf6 8.O-O Bc5
9.Nb3 Ba7 10.Bf4 Ne5 11.Bxe5 Qxe5 12.Nd2 Qc7 13.Qe2 O-O 14.e5 Ne8 15.Nc4 Rb8
16.a4 d5 17.exd6 Nxd6 18.Nxd6 Qxd6 19.Rfd1 Qc7 20.Rd3 Bd7 21.Rad1 Be8 22.b3 h6
23.Ne4 Qe5 24.Kh1 b5 25.axb5 Bxb5 26.c4 Bc6 27.f4 Qc7 28.Nd6 Rb6 29.Bxc6 Qxc6+
30.Qe4 Qc5 31.Qf3 f5 32.Nb7 Qc8 33.Rd7 Rxb3 34.Qxb3 Qc6+ 35.R7d5 exd5 36.cxd5 Qd7
37.Kg2 Kh7 38.Rb1 Rb8 39.Kf3 Re8 40.Qc4 Re4 41.Qc6 Qe7 42.Rb3 Re2 43.g4 Qe4+  0-1

[Event "SCG First League m"]
[Site "Vrnjacka Banja SCG"]
[Date "2005.10.21"]
[Round "5"]
[White "Popadic,Dr"]
[Black "Tseshkovsky,V"]
[Result "0-1"]
[WhiteElo "2287"]
[BlackElo "2600"]

1.e4 c5 2.Nf3 e6 3.d4 cxd4 4.Nxd4 Nc6 5.Nc3 a6 6.Be3 Nf6 7.Bd3 Qc7 8.O-O Ne5
9.h3 d6 10.Nf3 Be7 11.Na4 Nfd7 12.Nxe5 dxe5 13.Qg4 O-O 14.Kh1 Kh8 15.Qh5 f5
16.exf5 exf5 17.Bxf5 Nf6 18.Qf3 Ng8 19.Nb6 Rxf5 20.Nxa8 Qb8 21.Qd5 Qxa8 22.Rad1 Qb8
23.Bb6 Rf6 24.Qa5 Bxh3 25.gxh3 Qc8 26.Kh2 Rf3 27.Rd3 Qxh3+ 28.Kg1 Qg4+ 29.Kh1 Rf5  0-1

[Event "II Open"]
[Site "Calvia ESP"]
[Date "2005.10.22"]
[Round "2"]
[White "Nygren,K"]
[Black "Pogorelov,R"]
[Result "1/2-1/2"]
[WhiteElo "2231"]
[BlackElo "2439"]

1.e4 c5 2.Nf3 Nc6 3.d4 cxd4 4.Nxd4 e6 5.Nc3 Qc7 6.g3 a6 7.Bg2 Nf6 8.O-O Be7
9.Kh1 O-O 10.f4 d6 11.Nb3 b5 12.Be3 Bb7 13.g4 Na5 14.Nxa5 Qxa5 15.g5 Nd7
16.Qh5 b4 17.Ne2 Rac8 18.c3 g6 19.Qh6 Rfe8 20.Bd4 Bf8 21.Qh4 Qb5 22.Rae1 e5
23.f5 exd4 24.fxg6 fxg6 25.Rf7 Bg7 26.Nxd4 Qe5 27.Rxd7 bxc3 28.Rxb7 Qxd4
29.bxc3 Rxc3 30.Qg4 Qe5 31.Qd7 Rc2 32.Rf1 Kh8 33.Qa4 Rc5 34.Qxa6 Qxg5 35.Qxd6 Rc2
36.Qg3 Qh6 37.Rb8 Rcc8 38.Rxc8 Rxc8 39.e5 Qd2 40.Qb3 Qe2 41.e6 Re8 42.a4 Rxe6
43.Qb5 Qxb5 44.axb5  1/2-1/2

[Event "II Open"]
[Site "Calvia ESP"]
[Date "2005.10.22"]
[Round "2"]
[White "Edlund,R"]
[Black "Teran Alvarez,I"]
[Result "0-1"]
[WhiteElo "2216"]
[BlackElo "2428"]

1.e4 c5 2.Nf3 e6 3.d4 cxd4 4.Nxd4 Nc6 5.Nc3 Qc7 6.g3 a6 7.Bg2 d6 8.O-O Bd7
9.Nb3 Nf6 10.f4 Be7 11.Qe2 O-O 12.g4 Bc8 13.g5 Nd7 14.Be3 Re8 15.Rad1 b5
16.a3 Bb7 17.Bc1 Bf8 18.Rd3 b4 19.axb4 Nxb4 20.Rh3 g6 21.Be3 Bg7 22.Ra1 Rab8
23.Qf2 f5 24.gxf6 Nxf6 25.Rg3 Nh5 26.Rg5 Rf8 27.Qd2 Bh6 28.h4 Bxg5 29.hxg5 Rf7
30.Bh3 Qe7 31.Ne2 Bxe4 32.Nbd4 e5  0-1

[Event "Jababeka Women"]
[Site "Jakarta INA"]
[Date "2005.10.22"]
[Round "2"]
[White "Hui,S"]
[Black "Alexandria,N"]
[Result "0-1"]
[WhiteElo "2005"]
[BlackElo "2323"]

1.e4 c5 2.Nf3 e6 3.d4 cxd4 4.Nxd4 Nc6 5.Nc3 Qc7 6.Be2 a6 7.O-O Nf6 8.Be3 d6
9.f4 Bd7 10.Kh1 b5 11.a3 Rc8 12.Qe1 Nxd4 13.Bxd4 e5 14.Bf2 Bc6 15.Bg3 Be7
16.fxe5 dxe5 17.Rf5 Nd7 18.Nd5 Bxd5 19.exd5 O-O 20.Bd3 Bd6 21.c3 g6 22.Qf2 Nc5
23.Bc2 gxf5 24.Qxf5 f6 25.Bh4 Qe7 26.Rf1 Nd7 27.Rf3 Rc4 28.Rh3 Rf4 29.Qd3 e4
30.Qe2 Re8 31.Kg1 Nf8 32.Bf2 Bc5 33.Be3 Ng6 34.Rg3 Kg7 35.Kh1 Bxe3 36.Rxe3 Qe5  0-1

[Event "Bundesliga 2005-6"]
[Site "Neukoelln GER"]
[Date "2005.10.22"]
[Round "1"]
[White "Saltaev,M"]
[Black "Maiwald,JU"]
[Result "1-0"]
[WhiteElo "2498"]
[BlackElo "2502"]

1.e4 c5 2.Nf3 e6 3.d4 cxd4 4.Nxd4 Nc6 5.Nc3 Qc7 6.Be3 a6 7.Bd3 b5 8.Nxc6 Qxc6
9.O-O Bb7 10.Qe2 b4 11.Nb1 Nf6 12.Nd2 d5 13.f3 Bc5 14.e5 Nd7 15.Nb3 O-O 16.Kh1 Bxe3
17.Qxe3 f5 18.a3 f4 19.Qd4 bxa3 20.Rxa3 Qc7 21.Re1 a5 22.Bb5 Bc6 23.Qc3 Rfc8
24.Bd3 a4 25.Nd4 Nf8 26.Qd2 Rab8 27.Ba6 Bb7 28.Bb5 Ng6 29.Rxa4 Qe7 30.Bd3 Bc6
31.Ra6 Bd7 32.b3 Qf7 33.Bxg6 hxg6 34.Ra7 g5 35.h3 Qe8 36.Rea1 Qd8 37.R1a6 Qe8
38.Rd6  1-0